[Event "Kuala Lumpur UM KPT op"]
[Site "Kuala Lumpur"]
[Date "2016.12.16"]
[Round "1"]
[White "Ahmad Fuad, Fairuz Hamizah"]
[Black "Mislah, Haikal Syafie"]
[Result "1-0"]
[WhiteElo "1643"]
[BlackElo "1452"]
[PlyCount "66"]
[EventDate "2016.12.16"]
[EventType "swiss"]
[EventRounds "9"]
[EventCountry "MAS"]
[SourceTitle "CBM 176 Extra"]
[Source "ChessBase"]
[SourceDate "2017.03.02"]
[SourceVersion "1"]
[SourceVersionDate "2017.03.02"]
[SourceQuality "1"]

1. e4 e6 2. d4 d5 3. exd5 exd5 4. Bd3 Nf6 5. Nf3 Be7 6. Ne5 Nbd7 7. f4 Nxe5 8. fxe5 Ng4 9. 0-0 Bg5 10. Qf3 0-0 11. h3 Bxc1 12. Rxc1 Qg5 13. Re1 Nh6 14. Qe3 Qxe3+ 15. Rxe3 Nf5 16. Bxf5 Bxf5 17. c3 Rae8 18. Nd2 f6 19. Rae1 Re6 20. exf6 Rfxf6 21. Rxe6 Rxe6 22. Rxe6 Bxe6 23. Nf3 Kf7 24. Kf2 Bf5 25. Ke3 h6 26. h4 Kf6 27. Ne5 g5 28. h5 b6 29. b4 Be4 30. g4 Bb1 31. a4 Bc2 32. a5 bxa5 33. bxa5 Be4 1-0

[Event "Kuala Lumpur UM KPT op"]
[Site "Kuala Lumpur"]
[Date "2016.12.16"]
[Round "2"]
[White "Boo, Ying Ting"]
[Black "Ahmad Fuad, Fairuz Hamizah"]
[Result "0-1"]
[WhiteElo "1356"]
[BlackElo "1643"]
[PlyCount "60"]
[EventDate "2016.12.16"]
[EventType "swiss"]
[EventRounds "9"]
[EventCountry "MAS"]
[SourceTitle "CBM 176 Extra"]
[Source "ChessBase"]
[SourceDate "2017.03.02"]
[SourceVersion "1"]
[SourceVersionDate "2017.03.02"]
[SourceQuality "1"]

1. d4 d5 2. Nf3 Nf6 3. e3 e6 4. Nbd2 b6 5. Bd3 Bb7 6. 0-0 Be7 7. Re1 Ne4 8. Bxe4 dxe4 9. Ne5 0-0 10. Qg4 f5 11. Qe2 Nd7 12. Ndc4 Nxe5 13. Nxe5 Bd6 14. Rd1 Qf6 15. Nd7 Qh6 16. h3 Rf7 17. Ne5 Re7 18. b3 g5 19. Bb2 Bxe5 20. dxe5 Rg7 21. Rd2 f4 22. Qg4 f3 23. g3 Qg6 24. h4 gxh4 25. Qxg6 Rxg6 26. Kh2 hxg3+ 27. fxg3 Kf7 28. Rad1 Bc6 29. c4 Rag8 30. Rg1 Rh6# 0-1